Los estudios árabes en España / (Record no. 41646)

MARC details
000 -LEADER
campo de control de longitud fija 00620nam a2200193 i 4500
001 - NÚMERO DE CONTROL
campo de control 41646
003 - IDENTIFICADOR DE NÚMERO DE CONTROL
campo de control ES-MaACL
005 - FECHA Y HORA DE LA ÚLTIMA TRANSACCIÓN
campo de control 20250828112301.0
007 - CAMPO FIJO DE DESCRIPCIÓN FÍSICA--INFORMACIÓN GENERAL
campo de control de longitud fija t|
008 - DATOS DE LONGITUD FIJA--INFORMACIÓN GENERAL
campo de control de longitud fija 030311s1947 sp ||||1| spa d
100 1# - ENTRADA PRINCIPAL--NOMBRE DE PERSONA
Nombre de persona Castellano, Sergio.
9 (RLIN) 36509
245 14 - MENCIÓN DEL TÍTULO
Título Los estudios árabes en España /
Mención de responsabilidad, etc. Sergio Castellano.
260 ## - PUBLICACIÓN, DISTRIBUCIÓN, ETC.
Lugar de publicación, distribución, etc. Madrid :
Nombre del editor, distribuidor, etc. [s.n.,
Fecha de publicación, distribución, etc. 1947] (
Fabricante Imp. Samarán)
300 ## - DESCRIPCIÓN FÍSICA
Extensión 12 p. ;
Dimensiones 24 cm.
490 1# - MENCIÓN DE SERIE
Mención de serie Publicaciones de la Revista Nacional de Educación
830 00 - PUNTO DE ACCESO ADICIONAL DE SERIE-TÍTULO UNIFORME
Título uniforme Publicaciones de la Revista nacional de educación
9 (RLIN) 229796
852 ## - LOCALIZACIÓN
Ubicación ES-MaACL
Número de control de estantería 1860-F-10
Sublocalización o colección R.23138
Holdings
Estatus retirado Estado de pérdida Estado de daño No para préstamo Colección Biblioteca de origen Biblioteca actual Ubicación en estantería Fecha de adquisición Fuente de adquisición Total de préstamos Signatura topográfica completa Código de barras Visto por última vez Precio de reemplazo Tipo de ítem Koha
        Colección de folletos Biblioteca del Ateneo de Madrid Biblioteca del Ateneo de Madrid Depósito folletos 17/01/2008     1860-F-10 1043841 23/02/2023 23/02/2023 Folleto